000 00567nam a2200217 a 4500
001 40042
003 BD-RjUL
005 20211209053126.0
008 160421s1970 pk ||||| |||| 00| 0 urd d
035 _a(BD-RjUL)40157
040 _aBD-RjUL
_burd
_cBD-RjUL
041 _aurd
082 _223
_a891.439
_bHAC 1970
100 _aHaq, Abdul
_9123324
245 1 0 _aChand ham asar /
_cAbdul Haq
260 _aKarachi :
_bUrdu Academi Sind,
_c1970
300 _a461 p. ;
_c18 cm.
500 _a"Text in Urdu"
650 _aUrdu Literature
_9123325
942 _2ddc
_cBK
_01
999 _c40042
_d40042